Continental Champions League Winners Since 2000 - Statistics

General Stats
  • This quiz has been taken 570 times
    276 since last reset
  • The average score is 24 of 68
Answer Stats
Hint Answer % Correct
Spain Real Madrid
98%
Germany Bayern Munich
95%
Spain Barcelona
94%
England Chelsea
94%
England Liverpool
94%
Italy AC Milan
93%
Italy Inter Milan
93%
Portugal Porto
92%
England Manchester United
91%
Argentina Boca Juniors
77%
Argentina River Plate
77%
Brazil Santos
68%
Brazil Flamengo
64%
Mexico America
55%
Saudi Arabia Al-Hilal
54%
Brazil Palmeiras
54%
Brazil Corinthians
49%
Brazil Sao Paulo
48%
USA LA Galaxy
45%
Egypt Al-Ahly
42%
Mexico Tigres UANL
41%
Brazil Gremio
40%
Mexico Chivas Guadalajara
39%
Mexico Monterrey
39%
Saudi Arabia Al-Ittihad
30%
Brazil Atletico Mineiro
29%
Ecuador LDU Quito
29%
Brazil Internacional
28%
Colombia Atletico Nacional
27%
Argentina Estudiantes
27%
New Zealand Team Wellington
27%
Mexico Cruz Azul
26%
Mexico Pachuca
24%
USA Seattle Sounders FC
24%
Australia Sydney FC
24%
New Zealand Auckland City
22%
China Guangzhou Evergrande
22%
Argentina San Lorenzo
22%
Democratic Republic of Congo TP Mazembe
21%
Morocco Wydad Casablanca
21%
Tunisia Esperance de Tunis
19%
South Africa Mamelodi Sundowns
19%
United Arab Emirates Al-Ain
18%
Paraguay Olimpia
18%
South Korea Ulsan Hyundai
18%
Egypt Zamalek
18%
Qatar Al-Sadd
17%
South Korea Jeonbuk Hyundai Motors
17%
Japan Kashima Antlers
17%
Japan Urawa Red Diamonds
16%
Japan Gamba Osaka
15%
Costa Rica Saprissa
15%
Colombia Once Caldas
14%
Mexico Toluca
14%
Australia Western Sydney Wanderers
12%
Costa Rica Alajuelense
10%
Tunisia Etoile du Sahel
10%
South Korea Pohang Steelers
10%
Mexico Atlante
9%
Nigeria Enyimba
9%
Algeria ES Setif
9%
South Korea Seongnam Ilhwa Chunma
9%
South Korea Suwon Samsung Bluewings
8%
Ghana Hearts of Oak
6%
New Caledonia Hienghene Sport
6%
Papua New Guinea Hekari United
4%
New Zealand Waitakere United
4%
Australia Wollongong Wolves
3%
No matching quizzes found
Score Distribution
Percent of People with Each Score
Percentile by Number Answered
Your Score History
You have not taken this quiz since the last reset